000 00317nam a2200133Ia 4500
008 150201s2006 xx 000 0 und d
082 _a610.73
_bL06E
100 _aEDOZIEN, LEROY
245 _aTHE LABOUR WARD HAND BOOK
260 _bRSM PRESS
_aU.K.
_c2006
300 _a242
650 _aNURSING
942 _2ddc
_cBK
_04
999 _c2268
_d2268